000 00644nam a2200229Ia 4500
003 OSt
005 20220918203113.0
006 a|||||r|||| 00| 0
007 ta
008 220917b |||||||| |||| 00| 0 eng d
024 _a106,040
037 _cTextual
040 _aARTS
_cARTS
_beng
041 _2eng
_aeng
082 _aV3:10X:K, L3
100 _aStone Lawrence
_914614
245 0 _aFamily and forture
_b Studies in Aristocractic finance in the sixteenth and seventeeth century
260 _aNA
_bNA
_c1973
650 _aHISTORY
942 _hV3:10X:K, L3
_cTEXL
_2CC
999 _c229398
_d229398